000 00511nam a22001937a 4500
003 LK-CoDNM
005 20250206093616.0
008 250206b |||||||| |||| 00| 0 eng d
040 _aLK-CoDNM
_dLK-CoDNM
_eLK-CoDNM
041 _aeng
080 _a105
_bM7
100 _aTimonier,Ethel J. and Reeds,Chester A
245 _aAmerican Museum Novitates
260 _aNew York
_bOrder of the trustees
_c1929-1930
300 _axx, 624p. : ill ; 24 cm
650 _aAnimals
650 _aFishes
942 _cBK
999 _c237888
_d237888